| 000 | 00924nam2a2200205 4500 | ||
|---|---|---|---|
| 001 | RU\NLR\PER_A\002517588_003800 | ||
| 005 | 20250623220350.0 | ||
| 035 | _a(NLR Aleph) 012164889 | ||
| 090 |
_a12210746 _c12210745 |
||
| 100 | _a20191216d2019 |||y0rusy50 ca | ||
| 101 | 0 | _arus | |
| 102 | _aRU | ||
| 200 | 0 | _a2019, 4 | |
| 210 |
_d2019 _aБ. м. |
||
| 461 | 0 |
_1001RU\NLR\INFOCOMM15\1000112638 _12001#$aЛевша$eПрил. к журн. "Юный техник"$fТруд. коллектив журн. "Юный техник". Изд.-полигр. об-ние "Молодая гвардия"$v2019, 4 _92735415 _cМ. _d1961 - _fТруд. коллектив журн. "Юный техник". Изд.-полигр. об-ние "Молодая гвардия" _oПрил. к журн. "Юный техник" _tЛевша _x0869-0669 _v2019, 4 |
|
| 852 |
_aNLR _jП49/855 |
||
| 942 | _cISSUE | ||
| 980 | _aNB | ||
| 980 | _aRUSPER | ||